000 00874nam a2200253Ia 4500
003 OSt
005 20250903110539.0
008 241129s9999||||xx |||||||||||||| ||und||
020 _a978-1-138-11929-1
037 _aTB
040 _aCRL
_beng
_cCRL
041 _aeng
_2eng
084 _aSN1:(X:8) P7;Q7
_qCRL
100 _aThornton George C. Au.; Mueller - Hanson Rose A. Au.; Rupp Deborah E. Au.
_9722994
245 0 _aDeveloping organizational simulations: a guide for practitioners, students,a nd researchers
_cThornton George C. Au.; Mueller - Hanson Rose A. Au.; Rupp Deborah E. Au.
250 _a2nd
260 _aNew Delhi, USA
_bRoutledge
_c2017
300 _axv,238p.
365 _aUKP
_b29.59
490 _aSeries in applied psychology
650 _aPsychologyBehaviourism
942 _cTB
_hSN1:(X:8) P7;Q7
_2CC
_n0
999 _c1228323
_d1228323